Indiana Jones and the last crusade / (Record no. 643)

MARC details
000 -LEADER
fixed length control field 01178cam a22003377a 4500
005 - DATE AND TIME OF LATEST TRANSACTION
control field 20230628084544.0
020 ## - INTERNATIONAL STANDARD BOOK NUMBER
International Standard Book Number 9780545042567
020 ## - INTERNATIONAL STANDARD BOOK NUMBER
International Standard Book Number 0545042569
040 ## - CATALOGING SOURCE
Original cataloging agency BTCTA
Transcribing agency BTCTA
Modifying agency BAKER
-- XY4
-- JQ8
-- L@L
-- DPL
-- DLC
-- FISKH
Language of cataloging eng
050 00 - LIBRARY OF CONGRESS CALL NUMBER
Classification number PZ7.W72433
Item number Im 2008
082 00 - DEWEY DECIMAL CLASSIFICATION NUMBER
Classification number [Fic]
Edition number 22
082 04 - DEWEY DECIMAL CLASSIFICATION NUMBER
Classification number 813/.54
Edition number 22
100 1# - MAIN ENTRY--PERSONAL NAME
Personal name Windham, Ryder.
245 10 - TITLE STATEMENT
Title Indiana Jones and the last crusade /
Statement of responsibility, etc. Ryder Windham.
260 ## - PUBLICATION, DISTRIBUTION, ETC.
Place of publication, distribution, etc. New York :
Name of publisher, distributor, etc. Lucas Books/Scholastic,
Date of publication, distribution, etc. c008.
300 ## - PHYSICAL DESCRIPTION
Extent 233 p., [8] p. of plates :
Other physical details color illustrations ;
Dimensions 20 cm.
500 ## - GENERAL NOTE
General note "Based on the story by George Lucas and Menno Meyjes and the screenplay by Jeffrey Boam."
505 ## - FORMATTED CONTENTS NOTE
Formatted contents note M
520 ## - SUMMARY, ETC.
Summary, etc. Indiana Jones tries to save his father from the Nazis as they all search for the Holy Grail.
521 ## - TARGET AUDIENCE NOTE
Target audience note 760 <br/>
Source Lexile
521 ## - TARGET AUDIENCE NOTE
Target audience note M <br/>
Source Raz-Plus
650 #0 - SUBJECT ADDED ENTRY--TOPICAL TERM
Topical term or geographic name entry element Jones, Indiana (Fictitious character)
Form subdivision Fiction.
650 #0 - SUBJECT ADDED ENTRY--TOPICAL TERM
Topical term or geographic name entry element Grail
Form subdivision Fiction.
700 1# - ADDED ENTRY--PERSONAL NAME
Personal name Lucas, George,
Dates associated with a name 1944-
700 1# - ADDED ENTRY--PERSONAL NAME
Personal name Meyjes, Menno.
700 1# - ADDED ENTRY--PERSONAL NAME
Personal name Boam, Jeffrey.
906 ## - LOCAL DATA ELEMENT F, LDF (RLIN)
a 7
b cbc
c copycat
d 2
e ncip
f 20
g y-gencatlg
942 ## - ADDED ENTRY ELEMENTS (KOHA)
Source of classification or shelving scheme Dewey Decimal Classification
Koha item type Books
Suppress in OPAC No
999 ## -
-- 643
-- 643
Holdings
Withdrawn status Lost status Source of classification or shelving scheme Damaged status Not for loan Collection Home library Current library Shelving location Date acquired Total Checkouts Full call number Barcode Date last seen Price effective from Koha item type
    Dewey Decimal Classification     Fiction Footprints International School Library Network Toul Kork Campus Footprints International School Library Network Toul Kork Campus   06/28/2023   WIND Fic PZ7.W72433 FISTK05003 06/28/2023 06/28/2023 Books